00662nam a22001817a 450000500170000000800410001704000270005804100080008504400070009308200210010010000340012124500800015526000670023530000500030250400540035265000410040665000330044720170217140059.0170217b2009 ck ||||| |||| 00| 0 spa d aCO-BoIAVH cCO-BoIAVH  aspa ack1 a333.918153bB45h1 aBernal Higuita, Faisaleautor10aHumedales artificiales:by su potencia aplicación en el contexto regional aBarranquilla:bCorporación Universitaria de la Costa,c2009. a78 páginasbtablas y mapas a blanco y negro aIncluye bibliografía de la página 71 a la 78.1 aHumedales artificialesxaplicación1 aHumedales artificialesxusos